000 00681nam a22001937a 4500
003 OSt
005 20240603154433.0
008 240603b ||||| |||| 00| 0 eng d
040 _cAIMIT LIBRARY
100 _aSanthosh, Sandra.
_e2016117
_9169106
245 _aStudy on financial performance of baraka overseas traders Mangalore /
_cBy Sandra Santhosh Guided by Rajani Suresh.
260 _aUllal ;
_c2022.
650 _aIndustry profile company profile and introduction to study
_9169107
650 _aLiterature review
_9169108
650 _aResearch methodology
_9169109
700 _aSuresh, Rajani.
_eGuide
_9169110
856 _3Baraka overseas traders
942 _2ddc
_cPRO
999 _c231018
_d231018